The Simpsons: The Mysterious Voyage of Homer Quiz Stats

 Plays Quiz Updated Dec 6, 2013

     
Support Sporcle.
Go Orange.
Score 0/28 Timer 06:00
1 Play Today
Question/Clue Answer % Correct
The episode's alternate title, 'El Viaje Misterioso de Nuestro Homer', is in what language?Spanish
96.9%
After eating Wiggum's chili, Homer starts hallucinating. A character says 'Goo Goo Ga-Joob', which is a line from 'I Am the Walrus', a song by what band?The Beatles
70.6%
The first chili Homer tries is 'Five-Alarm Chili' made by what character?Ned Flanders
69.7%
Homer tries to spell out 'HELP' with rocks. However, one of the rocks turns out to be what kind of animal?Tortoise
69.3%
Homer says: 'Man, this is crazy. I hope I didn't _____ my damage.'Brain
66.6%
Homer then meets his spirit guide, which is what kind of animal?'Space coyote'
65.1%
The animal leads Homer to what kind of structure?Pyramid
64.5%
After the chili proves too hot for Homer, he finds a way to withstand the spiciness, by drinking _____.Candle wax
63%
Who says to Homer, 'I'm a well-wisher, in that I don't wish you any specific harm.'Moe
61%
Homer soon receives a call from someone (although he can barely hear that person thanks to Marge), who is it?Lenny
59.6%
The spirit guide tells Homer to find what?His soul mate
57.9%
Homer decides to go eat some chili, and pulls out a spoon, and Lenny says 'They say he carved it himself... from a _____.'Bigger spoon
56.1%
At the end of the episode, a ship is wrecked, and its 'precious cargo' is washed ashore and gathered up by the delighted Springfield residents. What is the cargo?Hot pants
55.7%
Chief Wiggum tries to make chili too hot for Homer, using 'The merciless _____ of Quetzlzacatenango'.Peppers
54.6%
Question/Clue Answer % Correct
Homer's spirit guide is voiced by what legendary singer?Johnny Cash
52.8%
In his search, Homer finds himself at what kind of building?Lighthouse
51%
Homer then wakes up from his dream and finds that he is actually where?Golf course
46.5%
Marge goes to a barn dance, where she is taunted by what character?Helen Lovejoy
43.7%
At the beginning of the episode, Homer finds that Marge has tampered with what?Newspaper
43.4%
Bart: 'Is that dad?' Lisa: 'Either that or _____ has really let himself go.'Batman
43.3%
Homer: 'Well, what should I do? Should I meditate? Should I get rid of all of my _____.' Spirit guide: 'Are you kidding? If anything, you should get more _____.'Possessions
43%
Homer then runs off, but Ralph tries to help him. What character stops Ralph, saying 'Let him go, Ralph. He knows what he's doing.' Otto
41.3%
Homer finds Marge doing something uncharacteristic, what is it?Smoking
39.7%
A sign on the door lists what name? ('Here I come, buddy! No more loneliness for Homer and _____!')E.A.R.L.
34.3%
While at the barn dance, Marge is asked to dance by what character?Waylon Smithers
30.5%
The family goes to a chili cook-off, and Lisa decides to go get what?Vegetarian chili
29.4%
In his chili-induced vision, Homer is attacked by a giant version of what kind of insect?Butterfly
28.6%
Homer says 'Oh, honey, I didn't get drunk, I just went to a strange _____ _____.Fantasy Land
14.2%

From the Vault

Click a Brit

by MSUKent

If the actors in this quiz couldn't do such a convincing American accent, this quiz would be much easier.
Remove Ads.
Support Sporcle.
Get the best of Sporcle when you Go Orange. This ad-free experience offers more features, more stats, and more fun while also helping to support Sporcle. Thank you for becoming a member.

Show Comments

Extras

Top Quizzes Today


Score Distribution

Your Account Isn't Verified!

In order to create a playlist on Sporcle, you need to verify the email address you used during registration. Go to your Sporcle Settings to finish the process.

Report this User

Report this user for behavior that violates our Community Guidelines.

Details: